| 000 | 02557nam a2200277 i 4500 | ||
|---|---|---|---|
| 001 | 159620 | ||
| 003 | ES-MaACL | ||
| 005 | 20250814044424.0 | ||
| 008 | 931025s1790 sp ax |||| | spa d | ||
| 040 |
_aCAM _bspa _cPAB |
||
| 100 | 1 |
_aMiddleton, Conyers ( _d1683-1750) _9129901 |
|
| 245 | 1 | 0 |
_aHistoria de la vida de Marco Tulio Cicerón : _btomo I [-IV] / _cescrita en ingles por Conyers Middleton ... ; traducida por Don Joseph Nicolas de Azara. |
| 260 |
_aMadrid : _ben la Imprenta Real, siendo regente Don Lazaro Gayguer, _c1790. |
||
| 300 |
_a4 v. ([12], 82, 262, [2] p., [4] h. de grab. ; [10], 380 p., [7] h. de grab. ; [18], 389 p., [7] h. de grab. ; [14], 347, [2] p., [5] h. de grab. : _bil. ; _c22 cm. |
||
| 597 | _aSign. : a-l4, m3, A-Z4, 2A-2K4 ; Sign. : A-Z4, 2A-2Y4, 2Z5, 3A-3B4, 3C3 ; []2, A-2Z4, 3A-3D4, 3E2 ; Sign.: [ ]2, [asterisco]5, A-Z4, 2A-2P4, 2Q2, 2R-2X4, [ ]1. | ||
| 597 | _aApostillas marginales. | ||
| 597 | _aAntep. | ||
| 599 | _aI. Las h. de grab. calc. : retratos de Cicerón, Mario Sila, y escultura de Rescio "Bon. Salesa delim. Cm. Carmona Sculpt." ; II. Las h. de grab. calc. retratos de Demóstenes, Esquines, Isócrates, Lisias, Pericles, Platón y Aristóteles : "Bon. Salesa del., Ioan Ottariani inc. ; Joan Petrini inc. ; Gir. Carattioni inc., Jacob Bossi inc. ; Fran. Cecehini inc." ; III. Las h. de grab. calc.: "Bon. Salesa del., Jac. Bossi inc.", "Bon. Salesa del., Joan. Ottaviani inc.", "Bon. Salesa del., Gio. Petrini inc.", "Bon. Salesa del., Joan. Folo inc.", "Bon. Salesa del., Franc. Cecchini sculp.", "Bon. Salesa del., Hier. Carattoni sculp.", retratos ; IV. Las h. de grab. e ilustraciones calc.: "Bon. Salessa del", "Jac. Bossi scul. et inc.", "Joan. Ottaviani inc.", "Gio Petrini inc.", "Joan. Folo inc.", "Gir Carattoni inc.", "Hier. Carattoni inc.", "Petr. Fontana inc." | ||
| 599 | _aContiene 24 hojas de lámina calcográficas que representan retratos: 4 en el t. 1, 7 en el t. 2, 7 en el t. 3, y 6 en el t. 4, todas firmadas, y diversos grabados calcográficos intercalados en el texto, todos firmados. | ||
| 600 | 1 | 4 |
_aCicerón, Marco Tulio. _938748 |
| 700 | 1 |
_aAzara, José Nicolás de, _d1730-1804 _924235 |
|
| 852 |
_aES-MaACL _jR-770-73 _z-- Enc. pasta española _z-- Legado Charro Hidalgo _x Olim: G-5300-3 |
||
| 852 |
_aES-MaACL _jR-1138-41 _z-- Enc. piel roja con hierros dorados _z-- Legado Calderón _z-- Ejemp. guillotinado sin afectar al texto _z.- 21 lám. grab. _x Olim: G.11532-35 |
||
| 999 |
_c159620 _d159620 |
||